Mária Fedorová

Podrobná bibliografia
Médium: Článok
Jazyk:Slovak
Vydané: Banská Bystrica : Univerzita Mateja Bela, 2000
Témy:
ISBN: 80-8055-428-5
Zdroj: 1. K dejinám zborového spevu na Slovensku - 5 1. 80-8055-428-5 1. S. 39
LEADER 01037naa a2200373 a 4500
001 000026413
003 SVKKK
005 00000000000000.0
008 c2000 xo e sloo
FMT
020 |a 80-8055-428-5 
038 |a SVKKK 
040 |a SVKKK  |b slo  |e AACR2 
041 0 |a slo 
044 |a xo  |c SK 
080 |a 78.087.681/.68  |2 1981 
080 |a 929 Fedorová, Mári  |2 1981 
090 |a III.187704 
130 0 |a Mária 
245 0 0 |a Mária Fedorová 
260 |a Banská Bystrica :  |b Univerzita Mateja Bela,  |c 2000 
600 1 4 |a Fedorová, Mária,  |d 1950,  |x zbormajsterka, speváčka 
650 0 4 |a Fedorová, Mária  |x zbormajsterka, speváčka  |z Sabinov  |x rodáčka  |z Lipany 
650 0 4 |a Šarišské Michaľany  |x pôsobenie  |x profily 
773 0 |t K dejinám zborového spevu na Slovensku - 5  |z 80-8055-428-5  |g S. 39 
957 |a Lipany 
957 |a Sabinov 
957 |a Šarišské Michaľany 
958 |a SB 
974 |d 010315  |a Čr 
992 |a RZB 
BAS
852 |a SVKKK  |b BIB 
998 |a REG